000 01564nam a22002417a 4500
001 4700
003 FISKH
005 20240923103705.0
008 240923b cb ||||| |||| 00| 0 eng d
020 _a9780545826273
040 _aFISKH
_beng
_cFISKH
_dFISKH
050 _aQ141.G765
082 _a509.2
100 _aGrant, R. G.
245 _aSuperstars of science :
_bThe brave, the bold, and the brainy
_cCreated by Basher ; Written by R.G. Grant
260 _aNew York ;
_bScholastic,
_c2015
300 _a96 pages :
_bcolor illustrations ;
_c23 cm
520 _a"Discover fun facts about the greatest scientists from history through Basher's fresh and unique illustration style. Did you know that Marie Curie used to keep radioactive materials in her pockets? Or that Mendeleyev literally dreamed up his famous periodic table? Superstars of Science tells the stories behind the big ideas in the fields of physics, chemistry, medicine, mathematics, cosmology, earth sciences, and engineering. Read about 40 great scientists including Newton and Einstein who produced theories that explained the way in which the Universe works, Crick and Watson who uncovered the structure of DNA, and Alexander Graham Bell who had the big idea that became the telephone. Each one of these greats of science has had some vital flash of insight that has changed the way we see the world and the way we live. Come meet the superstars of science!"
650 _aBiography
_vScientists
_xHistory
700 _aBasher
_eCreator
942 _2ddc
_cBK
_n0
999 _c4700
_d4700